000 00476nam a2200193Ia 4500
005 20230823113818.0
008 131103s9999 xx 000 0 und d
020 _a7127286
040 _aLoreto College
041 _aEnglish
082 _aF
_bHIG
100 _aHiggins, Jack
245 _aMidnight runner
_cHack Higgins
260 _aLondon
_bHarperCollins Publishers
_c2002
300 _a421p, 17.5 cm.
650 _aFiction-Thriller
850 _aLCLIB
942 _cBK
999 _c2247
_d52726